Разработка лабораторной информационно-управляющей системы; Известия Томского политехнического университета [Известия ТПУ]; Т. 309, № 4
| Parent link: | Известия Томского политехнического университета [Известия ТПУ]/ Томский политехнический университет (ТПУ).— , 2000- Т. 309, № 4.— 2006.— [С. 168-172] |
|---|---|
| Další autoři: | , , , , |
| Shrnutí: | Заглавие с титульного листа Электронная версия печатной публикации Представлены результаты актуального направления работы НИИ ВН по разработке программного комплекса ЛИС/ЛИУС "Химик-аналитик" для автоматизации деятельности аналитических лабораторий. Рассмотрены функции комплекса и методологические принципы его разработки, проведено сравнение с зарубежными аналогами. Описана модель производственного аналитического контроля с использованием понятий цикл жизни лаборатории, методики и пробы. |
| Jazyk: | ruština |
| Vydáno: |
2006
|
| Edice: | Технические науки |
| Témata: | |
| On-line přístup: | http://www.lib.tpu.ru/fulltext/v/Bulletin_TPU/2006/v309/i4/38.pdf |
| Médium: | MixedMaterials Elektronický zdroj Kapitola |
| KOHA link: | https://koha.lib.tpu.ru/cgi-bin/koha/opac-detail.pl?biblionumber=171450 |
MARC
| LEADER | 00000nla2a2200000 4500 | ||
|---|---|---|---|
| 001 | 171450 | ||
| 005 | 20240111134633.0 | ||
| 035 | |a (RuTPU)RU\TPU\book\185908 | ||
| 035 | |a RU\TPU\book\185892 | ||
| 090 | |a 171450 | ||
| 100 | |a 20091204d2006 k y0rusy50 ca | ||
| 101 | 0 | |a rus | |
| 102 | |a RU | ||
| 135 | |a drnn ---uucaa | ||
| 181 | 0 | |a i | |
| 182 | 0 | |a b | |
| 200 | 1 | |a Разработка лабораторной информационно-управляющей системы |f О. В. Терещенко [и др.] | |
| 203 | |a Текст |c электронный | ||
| 215 | |a 1 файл (353 Кб) | ||
| 225 | 1 | |a Технические науки | |
| 300 | |a Заглавие с титульного листа | ||
| 300 | |a Электронная версия печатной публикации | ||
| 320 | |a [Библиогр.: с. 172 (21 назв.)] | ||
| 330 | |a Представлены результаты актуального направления работы НИИ ВН по разработке программного комплекса ЛИС/ЛИУС "Химик-аналитик" для автоматизации деятельности аналитических лабораторий. Рассмотрены функции комплекса и методологические принципы его разработки, проведено сравнение с зарубежными аналогами. Описана модель производственного аналитического контроля с использованием понятий цикл жизни лаборатории, методики и пробы. | ||
| 337 | |a Adobe Reader | ||
| 461 | 1 | |0 (RuTPU)RU\TPU\book\176237 |t Известия Томского политехнического университета [Известия ТПУ] |f Томский политехнический университет (ТПУ) |d 2000- | |
| 463 | 1 | |0 (RuTPU)RU\TPU\book\185844 |x 1684-8519 |t Т. 309, № 4 |v [С. 168-172] |d 2006 |p 273 с. | |
| 610 | 1 | |a разработки | |
| 610 | 1 | |a лабораторная информационно-управляющая система | |
| 610 | 1 | |a программные комплексы | |
| 610 | 1 | |a автоматизация | |
| 610 | 1 | |a аналитические лаборатории | |
| 610 | 1 | |a функции | |
| 610 | 1 | |a методологические принципы | |
| 610 | 1 | |a зарубежные аналоги | |
| 610 | 1 | |a производственный контроль | |
| 610 | 1 | |a аналитический контроль | |
| 610 | 1 | |a цикл жизни | |
| 610 | 1 | |a лаборатории | |
| 610 | 1 | |a методики | |
| 610 | 1 | |a пробы | |
| 610 | 1 | |a труды учёных ТПУ | |
| 610 | 1 | |a электронный ресурс | |
| 701 | 1 | |a Терещенко |b О. В. |c НИИ ВН |c Зав. лабораторией информационных технологий №7, кандидат технических наук, старший научный сотрудник |g Ольга Васильевна |3 (RuTPU)RU\TPU\pers\25711 | |
| 701 | 1 | |a Терещенко |b А. Г. |c химик-технолог |c заведующий лабораторией Томского политехнического университета, кандидат технических наук |f 1946- |g Анатолий Георгиевич |3 (RuTPU)RU\TPU\pers\25305 |9 11303 | |
| 701 | 1 | |a Терещенко |b В. А. |c российский учёный в области химических технологий |c ведущий специалист Томского политехнического университета |g Василий Анатольевич |3 (RuTPU)RU\TPU\pers\26573 | |
| 701 | 1 | |a Янин |b А. М. |c специалист в области вычислительной техники |c инженер-программист Томского политехнического университета |g Антон Михайлович |3 (RuTPU)RU\TPU\pers\26504 | |
| 701 | 1 | |a Толстихина |b Т. В. | |
| 801 | 1 | |a RU |b 63413507 |c 20090623 |g PSBO | |
| 801 | 2 | |a RU |b 63413507 |c 20211021 |g PSBO | |
| 856 | 4 | |u http://www.lib.tpu.ru/fulltext/v/Bulletin_TPU/2006/v309/i4/38.pdf | |
| 942 | |c CF | ||